000 00689nam a22001937a 4500
005 20251108172655.0
008 250721s2002 xx 000 0 ara d
082 1 4 _a796.325/إبر
100 1 _aإبراهيم، مروان عبد المجيد
_eمؤلف
245 1 0 _aالكرة الطائرة للمعاقين حركياً - جلوس :
_bمهارات - خطط - إختبارات بدنية /
264 1 _aعمان :
_bمؤسسة الوراق،
_c2002.
300 _a252ص.
650 1 7 _aالألعاب الرياضية
650 1 7 _aألعاب الكرة
650 1 7 _aالكرة الطائرة
650 1 7 _aالمعوقون حركياً
942 _2ddc
_cBK
999 _c85606
_d85606